| 000 | 01711nam a2200205 a 4500 | ||
|---|---|---|---|
| 001 | 000045846 | ||
| 005 | 20201002052459.0 | ||
| 008 | 150519s1990 dr ac 000 p spa d | ||
| 040 |
_aDO-SdBNP _bspa _cBNPHU |
||
| 245 | 0 | 0 |
_aPoemas para un primero de mayo. / _cRobert Berroa...[et al.]. |
| 260 |
_aSanto Domingo : _bGrafitaller, _c1990. |
||
| 300 |
_a105 p. : _bil., retrs. ; _c21 cm. |
||
| 500 | _aIncluye datos biograficos de los autores. | ||
| 505 | 0 |
_tDedicatoria -- _tPalabras de los autores -- _tSemblanza I -- _tPensamiento -- _tTú, Obrero -- _tHombre -- _tLa sirvienta -- _tBatey -- _tMa allá de la noche -- _tFéretro -- _tHay un dolor -- _tEn esta ciudad -- _tA ti te busco -- _rRobert Berroa -- _tSemblanza II -- _tPensamiento -- _tInvitación -- _tA un haitiano en mi tierra -- _tEste pueblo -- _tYo -- _tCita con la muerte -- _tAquí estás tú -- _tPreguntas para Dios -- _tEste hombre -- _tEste pueblo -- _tLa zafra -- _tMañana -- _tTrauma de la guerra -- _tVoy a reclamar por ti -- _tNosotros -- _tA Caamaño -- _tLa mujer -- _tAquí -- _rVíctor Alcantara -- _tSemblanza III -- _tPensamiento -- _tItinerario -- _tCuando monto mi bicicleta -- _tLamento de un poeta -- _tDespierta obrero -- _tCanto resistente -- _tDe este lado de la tristeza -- _tEn esta isla -- _tAquí donde hoy estamos -- _tIdentificación perdida -- _tRetrato -- _tSegundo itinerario -- _tDiálogo multitudinario -- _tYa hoy es lamentable el día -- _tEn esta ciudad -- _rBenito Ángel Nieves _tSemblanza IV -- _tPensamiento -- _rHoracio Nadal -- |
|
| 590 | _aPerteneció a la biblioteca personal de Erick Landestoy | ||
| 700 | 1 |
_aBerroa, Robert _910541 |
|
| 700 | 1 |
_aAlcantara, Víctor _973918 |
|
| 700 | 1 |
_aNieves, Benito Ángel _973919 |
|
| 700 | 1 |
_aNadal, Horacio _973920 |
|
| 999 |
_c45335 _d45335 |
||